| 000 | 00544nam a2200181Ia 4500 | ||
|---|---|---|---|
| 999 |
_c65165 _d65165 |
||
| 003 | GCL | ||
| 005 | 20240530110810.0 | ||
| 008 | 140319s1993 ua a 000 0 ara d | ||
| 040 |
_aGCL / _cGCL |
||
| 082 | 0 | 4 |
_a780.92 / _bى أ |
| 100 | 0 | _aيوسف الموصلى | |
| 245 | 1 | 0 |
_aاهل المغنى 1 : _bمصطفى سيد احمدر / _cيوسف الموصلى |
| 260 |
_a[S.N] : _bميدلايت ، _c1993 |
||
| 300 |
_a155 ص. : _bايض ؛ _c19 سم. |
||
| 490 |
_aاهل المغنى _v0 |
||
| 650 | 0 | 4 | _aالفنانون |
| 942 |
_2ddc _cBK |
||